Statistics for European Countries Larger Than Poland

Click here to take the quiz!

General Stats

  • This quiz has been taken 138 times
  • The average score is 7 of 8

Answer Stats

Answer% Correct
Russia
98%
France
98%
Germany
98%
Spain
97%
Ukraine
95%
Sweden
92%
Finland
86%
Norway
85%

Score Distribution

Percentile by Number Answered

Percent of People with Each Score

Your Score History

You have not taken this quiz